Catholic University of Zimbabwe Library
Online Public Access Catalogue
(OPAC)

Dylan's Autobiography of a Vocation (Record no. 33912)

MARC details
000 -LEADER
fixed length control field 01995nam a22003497a 4500
001 - CONTROL NUMBER
control field 102549
003 - CONTROL NUMBER IDENTIFIER
control field KnowledgeUnlatched
005 - DATE AND TIME OF LATEST TRANSACTION
control field 20210303105220.0
006 - FIXED-LENGTH DATA ELEMENTS--ADDITIONAL MATERIAL CHARACTERISTICS
fixed length control field m o d
007 - PHYSICAL DESCRIPTION FIXED FIELD--GENERAL INFORMATION
fixed length control field cr u||||||||||
008 - FIXED-LENGTH DATA ELEMENTS--GENERAL INFORMATION
fixed length control field 210129p20172019nyu o u00| u eng d
037 ## - SOURCE OF ACQUISITION
Institution to which field applies BiblioBoard
020 ## - INTERNATIONAL STANDARD BOOK NUMBER
International Standard Book Number 9781501328541
029 1# - OTHER SYSTEM CONTROL NUMBER (OCLC)
OCLC library identifier https://library.biblioboard.com/ext/api/media/49059473-422e-4324-a3af-f51b1a743c9c/assets/thumbnail.jpg
040 ## - CATALOGING SOURCE
Original cataloging agency ScCtBLL
Transcribing agency ScCtBLL
100 1# - MAIN ENTRY--PERSONAL NAME
Personal name Renza, Louis A.
Relator term author.
245 00 - TITLE STATEMENT
Title Dylan's Autobiography of a Vocation
Remainder of title A Reading of the Lyrics 1965-1967 /
Statement of responsibility, etc. Louis A. Renza.
264 #1 - PRODUCTION, PUBLICATION, DISTRIBUTION, MANUFACTURE, AND COPYRIGHT NOTICE
Name of producer, publisher, distributor, manufacturer Bloomsbury Academic,
300 ## - PHYSICAL DESCRIPTION
Extent 1 online resource (226 p.)
506 0# - RESTRICTIONS ON ACCESS NOTE
Terms governing access Access copy available to the general public.
Standardized terminology for access restriction Unrestricted
Source of term star
520 ## - SUMMARY, ETC.
Summary, etc. Many critics have interpreted Bob Dylan's lyrics, especially those composed during the middle to late 1960s, in the contexts of their relation to American folk, blues, and rock 'n' roll precedents; their discographical details and concert performances; their social, political and cultural relevance; and/or their status for discussion as "poems." Dylan's Autobiography of a Vocation instead focuses on how all of Dylan's 1965-1967 songs manifest traces of his ongoing, internal "autobiography" in which he continually declares and questions his relation to a self-determined existential summons.
588 0# - SOURCE OF DESCRIPTION NOTE
Source of description note Description based on print version record.
590 ## - LOCAL NOTE (RLIN)
Local note KU Select 2018: HSS Backlist Books
650 #7 - SUBJECT ADDED ENTRY--TOPICAL TERM
Topical term or geographic name entry element Music / Lyrics
Source of heading or term bisacsh
650 #0 - SUBJECT ADDED ENTRY--TOPICAL TERM
Topical term or geographic name entry element Music
655 #0 - INDEX TERM--GENRE/FORM
Genre/form data or focus term Electronic books.
758 ## -
-- Is found in:
-- Knowledge Unlatched
-- https://openresearchlibrary.org/module/2774bc74-146a-484f-a7ba-ab1d6a09bbfb
856 40 - ELECTRONIC LOCATION AND ACCESS
Uniform Resource Identifier <a href="https://openresearchlibrary.org/content/49059473-422e-4324-a3af-f51b1a743c9c">https://openresearchlibrary.org/content/49059473-422e-4324-a3af-f51b1a743c9c</a>
Public note View this content on Open Research Library.
-- 0
Holdings
Withdrawn status Lost status Source of classification or shelving scheme Damaged status Not for loan Home library Current library Shelving location Date acquired Total Checkouts Date last seen Uniform Resource Identifier Price effective from Koha item type
          Digital Library Digital Library Online Access 03.03.2021   03.03.2021 https://openresearchlibrary.org/content/49059473-422e-4324-a3af-f51b1a743c9c 03.03.2021 eBook

OPENING HOURS

Weekdays: 0815hrs - 1800hrs
Weekends:0900hrs - 1200hrs

Closed for Mass:

Mon, Thur: 1200hrs - 1300hrs
Sunday & Public Holiday’s

CALL SUPPORT

0242-570570, 0242-570169
09200664, +263 8644140602

LOCATION

18443, Cranborne Avenue, Hatfield, Harare

Other Links


©2021 | CUZ Library